| Tag |
First Indicator |
Second Indicator |
Subfields |
| LEADER |
00000pam a2200000 a 4500 |
| 001 |
in00000544321 |
| 005 |
20151013161445.0 |
| 008 |
830811s1984 nyua b 00100 eng |
| 010 |
|
|
|a 83017370
|
| 020 |
|
|
|a 0873521242 (pbk.) :
|c $17.50 (est.)
|
| 035 |
|
|
|a (OCoLC)09895131
|
| 035 |
|
|
|9 ACG6141AM
|
| 039 |
0 |
|
|a 2
|b 3
|c 3
|d 3
|e 3
|
| 040 |
|
|
|a DLC
|c DLC
|d TXA
|d UtOrBLW
|
| 043 |
|
|
|a n-us---
|
| 049 |
|
|
|a TXAM
|
| 050 |
0 |
0 |
|a PB38.U6
|b S78 1984
|
| 082 |
0 |
|
|a 418/.007/1173
|2 19
|
| 245 |
0 |
0 |
|a Strategies for development of foreign language & literature programs /
|c [edited] by Claire Gaudiani with Carol A. Herron and others.
|
| 264 |
|
1 |
|a New York :
|b Modern Language Association of America,
|c 1984.
|
| 300 |
|
|
|a xxviii, 338 pages :
|b illustrations ;
|c 23 cm.
|
| 336 |
|
|
|a text
|b txt
|2 rdacontent
|
| 337 |
|
|
|a unmediated
|b n
|2 rdamedia
|
| 338 |
|
|
|a volume
|b nc
|2 rdacarrier
|
| 504 |
|
|
|a Includes bibliographies and index.
|
| 600 |
1 |
0 |
|a Gaudiani, Claire.
|
| 650 |
|
0 |
|a Philology, Modern
|x Study and teaching (Higher)
|z United States.
|
| 700 |
1 |
|
|a Herron, Carol A.
|
| 999 |
|
|
|a MARS
|
| 999 |
f |
f |
|s 2c33ecc4-965b-3747-be3a-a7920c9e54ee
|i 147ab963-8d80-3954-9242-d9916b9f85a3
|t 0
|
| 952 |
f |
f |
|p ric
|a Texas A&M University
|b Rellis Campus
|c Joint Library Facility
|s JLF
|d Remote Storage
|t 0
|e PB38.U6 S78 1984
|h Library of Congress classification
|i unmediated -- volume
|m A14808176098
|
| 998 |
f |
f |
|a PB38.U6 S78 1984
|t 0
|l Remote Storage
|